Multiple Choice Movie Quiz - The Super Mario Bros. Movie - Statistics

General Stats
  • This quiz has been taken 20 times
  • The average score is 7 of 10
Answer Stats
Question Answer % Correct
Which one of the following looks like a mushroom Toad
95%
Who is the villain of the movie? Bowser
90%
Where did Mario and Luigi live? Brooklyn
90%
Who led the Koopas? Bowser
85%
Where does Luigi land after being sucked into the pipes? Dark Lands
85%
What does Mario use to defeat Donkey Kong? Cat Suit
70%
What company did not help produce The Super Mario Bros. Movie? 20th Century Studios
65%
What year did The Super Mario Bros. Movie release? 2023
60%
What country did The Super Mario Bros. Movie release in first? United States
55%
Who wrote The Super Mario Bros. Movie? Matthew Fogel
45%
No matching quizzes found
Score Distribution
Percent of People with Each Score
Percentile by Number Answered
Your Score History
You have not taken this quiz